<?xml version="1.0" encoding="UTF-8"?>
<record
    xmlns:xsi="http://www.w3.org/2001/XMLSchema-instance"
    xsi:schemaLocation="http://www.loc.gov/MARC21/slim http://www.loc.gov/standards/marcxml/schema/MARC21slim.xsd"
    xmlns="http://www.loc.gov/MARC21/slim">

  <leader>00418nam a22001577a 4500</leader>
  <datafield tag="082" ind1=" " ind2=" ">
    <subfield code="a">547.2 SUL</subfield>
  </datafield>
  <datafield tag="100" ind1=" " ind2=" ">
    <subfield code="a">Sultanbawa,M.U.S</subfield>
  </datafield>
  <datafield tag="245" ind1=" " ind2=" ">
    <subfield code="a">Organic Chemistry Part 11- Synthetic Organic Chemistry</subfield>
  </datafield>
  <datafield tag="260" ind1=" " ind2=" ">
    <subfield code="a">Colombo</subfield>
    <subfield code="b">Open University</subfield>
    <subfield code="c">1989</subfield>
  </datafield>
  <datafield tag="300" ind1=" " ind2=" ">
    <subfield code="a">151p</subfield>
  </datafield>
  <datafield tag="490" ind1=" " ind2=" ">
    <subfield code="a">Organic chemistry-Part 11 -PSU 3126</subfield>
  </datafield>
  <datafield tag="505" ind1=" " ind2=" ">
    <subfield code="a">Bachelor Science  Level 5</subfield>
  </datafield>
  <datafield tag="650" ind1=" " ind2=" ">
    <subfield code="a">Organic, chemistry</subfield>
  </datafield>
  <datafield tag="650" ind1=" " ind2=" ">
    <subfield code="a">OUSL</subfield>
  </datafield>
  <datafield tag="942" ind1=" " ind2=" ">
    <subfield code="c">BK</subfield>
  </datafield>
  <datafield tag="999" ind1=" " ind2=" ">
    <subfield code="c">462</subfield>
    <subfield code="d">462</subfield>
  </datafield>
  <datafield tag="952" ind1=" " ind2=" ">
    <subfield code="0">0</subfield>
    <subfield code="1">0</subfield>
    <subfield code="7">0</subfield>
    <subfield code="8">NFIC</subfield>
    <subfield code="a">IC</subfield>
    <subfield code="b">IC</subfield>
    <subfield code="c">GEN</subfield>
    <subfield code="d">2015-03-14</subfield>
    <subfield code="g">685.00</subfield>
    <subfield code="l">20</subfield>
    <subfield code="m">2</subfield>
    <subfield code="o">547.2 SUL</subfield>
    <subfield code="p">003125</subfield>
    <subfield code="r">2025-08-26 15:26:33</subfield>
    <subfield code="s">2025-08-14</subfield>
    <subfield code="w">2015-03-14</subfield>
    <subfield code="y">BK</subfield>
  </datafield>
  <datafield tag="952" ind1=" " ind2=" ">
    <subfield code="0">0</subfield>
    <subfield code="1">0</subfield>
    <subfield code="7">0</subfield>
    <subfield code="8">NFIC</subfield>
    <subfield code="a">IC</subfield>
    <subfield code="b">IC</subfield>
    <subfield code="c">GEN</subfield>
    <subfield code="d">2015-04-28</subfield>
    <subfield code="g">685.00</subfield>
    <subfield code="l">40</subfield>
    <subfield code="m">5</subfield>
    <subfield code="o">547.2 SUL</subfield>
    <subfield code="p">003124</subfield>
    <subfield code="r">2025-09-20 07:38:53</subfield>
    <subfield code="s">2025-09-01</subfield>
    <subfield code="w">2015-04-28</subfield>
    <subfield code="y">BK</subfield>
  </datafield>
  <datafield tag="952" ind1=" " ind2=" ">
    <subfield code="0">0</subfield>
    <subfield code="1">0</subfield>
    <subfield code="7">0</subfield>
    <subfield code="8">NFIC</subfield>
    <subfield code="a">IC</subfield>
    <subfield code="b">IC</subfield>
    <subfield code="c">GEN</subfield>
    <subfield code="d">2015-05-26</subfield>
    <subfield code="g">685.00</subfield>
    <subfield code="l">0</subfield>
    <subfield code="o">547.2 SUL</subfield>
    <subfield code="p">003123</subfield>
    <subfield code="r">2018-03-21 00:00:00</subfield>
    <subfield code="w">2015-05-26</subfield>
    <subfield code="y">REF</subfield>
  </datafield>
  <datafield tag="952" ind1=" " ind2=" ">
    <subfield code="0">0</subfield>
    <subfield code="1">0</subfield>
    <subfield code="7">0</subfield>
    <subfield code="8">NFIC</subfield>
    <subfield code="a">IC</subfield>
    <subfield code="b">IC</subfield>
    <subfield code="c">GEN</subfield>
    <subfield code="d">2016-02-25</subfield>
    <subfield code="g">685.00</subfield>
    <subfield code="l">38</subfield>
    <subfield code="m">4</subfield>
    <subfield code="o">547.2 SUL</subfield>
    <subfield code="p">005385</subfield>
    <subfield code="r">2025-10-02 09:43:25</subfield>
    <subfield code="s">2025-09-23</subfield>
    <subfield code="w">2016-02-25</subfield>
    <subfield code="y">BK</subfield>
  </datafield>
  <datafield tag="952" ind1=" " ind2=" ">
    <subfield code="0">0</subfield>
    <subfield code="1">0</subfield>
    <subfield code="7">0</subfield>
    <subfield code="8">NFIC</subfield>
    <subfield code="a">IC</subfield>
    <subfield code="b">IC</subfield>
    <subfield code="c">GEN</subfield>
    <subfield code="d">2017-03-11</subfield>
    <subfield code="g">685.00</subfield>
    <subfield code="l">35</subfield>
    <subfield code="m">2</subfield>
    <subfield code="o">547.2 SUL</subfield>
    <subfield code="p">003126</subfield>
    <subfield code="r">2025-08-28 12:25:06</subfield>
    <subfield code="s">2025-08-18</subfield>
    <subfield code="w">2017-03-11</subfield>
    <subfield code="y">BK</subfield>
  </datafield>
  <datafield tag="952" ind1=" " ind2=" ">
    <subfield code="0">0</subfield>
    <subfield code="1">0</subfield>
    <subfield code="7">0</subfield>
    <subfield code="8">NFIC</subfield>
    <subfield code="a">IC</subfield>
    <subfield code="b">IC</subfield>
    <subfield code="c">GEN</subfield>
    <subfield code="d">2018-07-17</subfield>
    <subfield code="g">685.00</subfield>
    <subfield code="l">3</subfield>
    <subfield code="o">547.2 SUL</subfield>
    <subfield code="p">001447</subfield>
    <subfield code="r">2023-11-21 12:28:05</subfield>
    <subfield code="s">2023-11-15</subfield>
    <subfield code="y">SBK</subfield>
  </datafield>
  <datafield tag="952" ind1=" " ind2=" ">
    <subfield code="0">0</subfield>
    <subfield code="1">0</subfield>
    <subfield code="7">0</subfield>
    <subfield code="8">NFIC</subfield>
    <subfield code="a">IC</subfield>
    <subfield code="b">IC</subfield>
    <subfield code="d">2018-07-17</subfield>
    <subfield code="g">685.00</subfield>
    <subfield code="l">0</subfield>
    <subfield code="o">547.2 SUL</subfield>
    <subfield code="p">000799</subfield>
    <subfield code="r">2018-07-17 00:00:00</subfield>
    <subfield code="w">2018-07-17</subfield>
    <subfield code="y">REF</subfield>
  </datafield>
  <datafield tag="952" ind1=" " ind2=" ">
    <subfield code="0">0</subfield>
    <subfield code="1">0</subfield>
    <subfield code="7">0</subfield>
    <subfield code="a">IC</subfield>
    <subfield code="b">IC</subfield>
    <subfield code="d">2018-07-17</subfield>
    <subfield code="g">685.00</subfield>
    <subfield code="l">29</subfield>
    <subfield code="m">3</subfield>
    <subfield code="o">547.2 SUL</subfield>
    <subfield code="p">001756</subfield>
    <subfield code="r">2025-08-18 12:01:36</subfield>
    <subfield code="s">2025-08-04</subfield>
    <subfield code="w">2018-07-17</subfield>
    <subfield code="y">BK</subfield>
  </datafield>
  <datafield tag="952" ind1=" " ind2=" ">
    <subfield code="0">0</subfield>
    <subfield code="1">0</subfield>
    <subfield code="7">0</subfield>
    <subfield code="a">IC</subfield>
    <subfield code="b">IC</subfield>
    <subfield code="d">2018-07-17</subfield>
    <subfield code="g">685.00</subfield>
    <subfield code="l">18</subfield>
    <subfield code="m">2</subfield>
    <subfield code="o">547.2 SUL</subfield>
    <subfield code="p">001718</subfield>
    <subfield code="r">2025-09-28 12:41:52</subfield>
    <subfield code="s">2025-09-22</subfield>
    <subfield code="w">2018-07-17</subfield>
    <subfield code="y">BK</subfield>
  </datafield>
</record>
